000
00284nam a2200109Ia 4500
008
220214s9999 xx 000 0 und d
100
_a
Young Peter
245
0
_a
National digital library for agriculture
260
_b
IAALD Quarteerly Bulletin
_c
2004
300
_a
114-122
942
_c
RE
999
_c
46219
_d
46219